| 000 | 00625nam a2200205 a 4500 | ||
|---|---|---|---|
| 005 | 20240920063845.0 | ||
| 008 | 991125s1980 mx 000 0 spa u | ||
| 020 | _a9684290179 | ||
| 035 | _aUPN01000012624 | ||
| 049 | _aCG | ||
| 050 | 4 |
_aLA485 _bC3.28 |
|
| 100 | 1 |
_aCarnoy, Martin, _d1938- _930880 |
|
| 245 | 1 | 0 |
_aCuba : _bcambio económico y reforma educativa : 1955-1978 / _cMartin Carnoy, Jorge Werthein ; tr. Servidola Jaled Díaz. |
| 260 |
_aMéxico : _bNueva Imagen, _c1980. |
||
| 300 | _a158 p. | ||
| 440 | 0 | _aEducación | |
| 650 | 4 |
_aEducación _zCuba _95885 |
|
| 700 | 1 |
_aWerthein, Jorge, _ecoaut. |
|
| 905 | _aLibro | ||
| 999 |
_c12624 _d12624 |
||